000 00340 a2200109 4500
001 ART_2601
005 20260410161718.0
008 260409a
245 1 0 _aNotas conceptuales sobre el procedimiento administrativo
100 1 _aNallar, Daniel M.
773 0 _tDerecho administrativo
_g- NÂș 75 (ene./mar. 2011)
_wREV1721
999 _c16671
_d16671